Media and Religion/ (Record no. 215094)
[ view plain ]
| 000 -LEADER | |
|---|---|
| fixed length control field | 00538nam a22001817a 4500 |
| 005 - DATE AND TIME OF LATEST TRANSACTION | |
| control field | 20260228131050.0 |
| 010 ## - LCCN (DPL NO) | |
| LC control number | BACEN26 |
| 020 ## - INTERNATIONAL STANDARD BOOK NUMBER | |
| International Standard Book Number | 9789395401555 |
| Terms of availability | 1475.00 |
| 037 ## - SOURCE OF ACQUISITION | |
| Source of stock number/acquisition | Rajat Publications |
| 082 ## - DEWEY DECIMAL CLASSIFICATION NUMBER | |
| Classification number | 306.6 |
| 100 ## - MAIN ENTRY--PERSONAL NAME | |
| Personal name | Bahadur, Rajesh |
| 245 ## - TITLE STATEMENT | |
| Title | Media and Religion/ |
| Statement of responsibility, etc | by Rajesh Bahadur |
| 260 ## - PUBLICATION, DISTRIBUTION, ETC. (IMPRINT) | |
| Place of publication, distribution, etc | Delhi |
| Name of publisher, distributor, etc | Rajat Publications |
| Date of publication, distribution, etc | 2024 |
| 270 ## - ADDRESS | |
| Address | 4740/32, Ansari road, daryaganj |
| City | new Delhi |
| Postal code | 110002 |
| 300 ## - PHYSICAL DESCRIPTION | |
| Extent | 258p. |
| Other physical details | 24cm(HB) |
| 500 ## - GENERAL NOTE | |
| General note | Including -INDEX |
| 942 ## - ADDED ENTRY ELEMENTS (KOHA) | |
| Source of classification or shelving scheme | Dewey Decimal Classification |
| Item type | English Books |
| Classification part | 306.6 |
| Call number suffix | BAH |
No items available.
